[Event "New York Marshall op"]
[Site "New York"]
[Date "2024.10.07"]
[Round "5"]
[White "Shen, Leo Xiaohang"]
[Black "Aravindakshan, Sahana"]
[Result "1-0"]
[WhiteElo "1880"]
[BlackElo "2016"]
[PlyCount "159"]
[EventDate "2024.10.05"]
[EventType "swiss"]
[EventRounds "5"]
[EventCountry "USA"]
[SourceTitle "CB45_2024"]
[Source "ChessBase"]
[SourceDate "2024.11.06"]
[SourceVersion "1"]
[SourceVersionDate "2024.11.06"]
[SourceQuality "1"]

1. e4 c5 2. Nf3 Nc6 3. c3 d5 4. exd5 Qxd5 5. d4 Bf5 6. Be3 Nf6 7. Na3 cxd4 8. Bc4 Qd7 9. Nxd4 Nxd4 10. Bxd4 a6 11. 0-0 e6 12. Qb3 Be7 13. Rad1 Qc6 14. Be2 0-0 15. Nc4 b5 16. Ne5 Qc7 17. Bd3 Bxd3 18. Rxd3 Bd6 19. Re1 Nd5 20. Rh3 f6 21. Nd3 Qf7 22. Qc2 h6 23. Rf3 Qh5 24. Rh3 Qg4 25. Bc5 Bxc5 26. Nxc5 e5 27. Rg3 Qc8 28. Qg6 Ra7 29. Ne4 Kh8 30. Nd2 Nf4 31. Qc2 Rd8 32. Nf1 Rad7 33. Qf5 Qc4 34. Rge3 Qxa2 35. g3 Nd5 36. R3e2 Nb6 37. f4 Nc4 38. fxe5 Nxe5 39. Ne3 Qf7 40. Nc2 Qd5 41. Nd4 Re8 42. Kf2 Rde7 43. Re3 Qb7 44. Kg1 Nf3+ 45. Qxf3 Qxf3 46. Rxe7 Qd3 47. Rxe8+ Kh7 48. Kg2 Qc4 49. R8e6 b4 50. R1e3 bxc3 51. bxc3 a5 52. Rc6 Qd5+ 53. Kf2 a4 54. Ra6 Qa2+ 55. Re2 Qc4 56. Ra7 Qxc3 57. Rxa4 Qc1 58. Nf3 Qc5+ 59. Kg2 g5 60. Ra6 g4 61. Ne1 Qd5+ 62. Kg1 Qd4+ 63. Rf2 f5 64. Ng2 Qd1+ 65. Rf1 Qd4+ 66. Kh1 Qc4 67. Rfa1 Qe4 68. Rb6 Qe7 69. Rab1 Qe4 70. Re1 Qa8 71. Re7+ Kg8 72. Rbb7 Qa1+ 73. Re1 Qa8 74. Reb1 Qa3 75. Rd7 Qa8 76. Kg1 Qc8 77. Rbd1 Qc5+ 78. Kh1 Qc2 79. Rf1 Qe4 80. Ra7 1-0